000 00483nam a22001697a 4500
999 _c63992
_d63992
005 20190603131736.0
020 _a8122309291
_c96.00
035 _aB-230131, B-230141
035 _aB-230132
037 _aDPL
_bENG
100 _aGupta, M.K.
245 _aHow to remain every free :
_bA voyage to freedom and happiness /
_cby M.K. Gupta
250 _a2nd ed.
260 _aDelhi
_bPustak Mahal
_c2007
300 _a203p.
_c20 cms.
942 _2ddc
_cEN
_h155.9042
_mGUP